|
|
|
|
| LEADER |
00000cam a2200000 7i4500 |
| 001 |
0000007329 |
| 005 |
20140709.0 |
| 020 |
|
|
|a 072140474X
|
| 020 |
|
|
|a 9781409301493
|
| 090 |
0 |
0 |
|a JF
|b MUR
|
| 100 |
1 |
|
|a Murray, W
|
| 245 |
1 |
0 |
|a Have a go
|c W. Murray ; illustrated by Martin Aitchison
|
| 260 |
|
|
|a Loughborough :
|b Ladybirds Books Ltd ,
|c 19--
|
| 300 |
|
|
|a 51p. :
|b ill. ;
|c 18cm.
|
| 490 |
0 |
|
|a Key words with Peter and Jane
|
| 500 |
|
|
|a Play & Learn Library
|
| 650 |
0 |
0 |
|a Children's stories
|
| 700 |
1 |
|
|a Aitchison, Martin ,
|e illustrated
|
| 999 |
|
|
|a 00156776
|b BUKU
|c PINJAMAN
|e MOBILE LIBRARY PKPJ
|
| 999 |
|
|
|a 00156777
|b BUKU
|c PINJAMAN
|e PERPUSTAKAAN KOMUNITI PETALING JAYA
|
| 999 |
|
|
|a 00237788
|b BUKU
|c PINJAMAN
|e PERPUSTAKAAN KOMUNITI PETALING JAYA
|
| 999 |
|
|
|a 00237789
|b BUKU
|c PINJAMAN
|e PERPUSTAKAAN KOMUNITI PETALING JAYA
|
| 999 |
|
|
|a 00237790
|b BUKU
|c PINJAMAN
|e PERPUSTAKAAN KOMUNITI CAW KOTA DAMANSARA
|
| 999 |
|
|
|a 00237791
|b BUKU
|c PINJAMAN
|e PERPUSTAKAAN KOMUNITI CAW BANDAR UTAMA
|
| 999 |
|
|
|a 00267742
|b BUKU
|c PINJAMAN
|e PERPUSTAKAAN KOMUNITI PETALING JAYA
|
| 999 |
|
|
|a 00272667
|b BUKU
|c PINJAMAN
|e PERPUSTAKAAN KOMUNITI CAW TAMAN MEDAN
|
| 999 |
|
|
|a 00298461
|b BUKU
|c JUNIOR REFERENCE
|e PERPUSTAKAAN KOMUNITI PETALING JAYA
|
| 999 |
|
|
|a 00298462
|b BUKU
|c JUNIOR REFERENCE
|e PERPUSTAKAAN KOMUNITI PETALING JAYA
|
| 999 |
|
|
|a 00298463
|b BUKU
|c JUNIOR REFERENCE
|e PERPUSTAKAAN KOMUNITI PETALING JAYA
|
| 999 |
|
|
|a 00298464
|b BUKU
|c JUNIOR REFERENCE
|e PERPUSTAKAAN KOMUNITI PETALING JAYA
|
| 999 |
|
|
|a 00317727
|b BUKU
|c PINJAMAN
|e PERPUSTAKAAN KOMUNITI PETALING JAYA
|
| 999 |
|
|
|a 00332167
|b BUKU
|c PINJAMAN
|e PERPUSTAKAAN KOMUNITI CAW BANDAR UTAMA
|
| 999 |
|
|
|a 00332168
|b BUKU
|c PINJAMAN
|e PERPUSTAKAAN KOMUNITI PETALING JAYA
|
| 999 |
|
|
|a 00332169
|b BUKU
|c PINJAMAN
|e PERPUSTAKAAN KOMUNITI CAW BANDAR UTAMA
|
| 999 |
|
|
|a 052582
|b BUKU
|c PINJAMAN
|e PERPUSTAKAAN KOMUNITI PETALING JAYA
|
| 999 |
|
|
|a 052583
|b BUKU
|c PINJAMAN
|e PERPUSTAKAAN KOMUNITI PETALING JAYA
|
| 999 |
|
|
|a 052584
|b BUKU
|c PINJAMAN
|e PERPUSTAKAAN KOMUNITI PETALING JAYA
|
| 999 |
|
|
|a 054909
|b BUKU
|c PINJAMAN
|e PERPUSTAKAAN KOMUNITI CAW KOTA DAMANSARA
|
| 999 |
|
|
|a 054910
|b BUKU
|c PINJAMAN
|e PERPUSTAKAAN KOMUNITI CAW KOTA DAMANSARA
|
| 999 |
|
|
|a 117898
|b BUKU
|c PINJAMAN
|e MOBILE LIBRARY PKPJ
|
| 999 |
|
|
|a 117900
|b BUKU
|c PINJAMAN
|e PERPUSTAKAAN KOMUNITI PETALING JAYA
|
| 999 |
|
|
|a 117901
|b BUKU
|c PINJAMAN
|e PERPUSTAKAAN KOMUNITI PETALING JAYA
|
| 999 |
|
|
|a 117902
|b BUKU
|c PINJAMAN
|e MOBILE LIBRARY PKPJ
|